000 00700nam a22002057a 4500
003 0
005 20251103153155.0
008 251103b xxu||||| |||| 00| 0 eng d
020 _a978-93-6224-434-5
050 _aHD 1382.5
_b.R43 2025
245 _aReal estate consulting and investment analysis /
_cBhushan Bhosale, editor.
260 _aNew Delhi, India :
_bDiscovery Publishing House,
_c2025.
300 _av, 232 pages :
_billustrations ;
_c25 cm.
504 _aIncludes bibliographical references and index.
650 _aReal estate investment.
650 _aReal property
_xValuation.
650 _aReal estate business
_xConsulting.
650 _aInvestments
_xAnalysis.
942 _2lcc
_cBK
999 _c368422
_d368422